000 00720nam a2200241Ia 4500
003 OSt
005 20241126120251.0
008 210716s2014 xx 000 0 und d
020 _a9780198738015
040 _cAIMIT LIBRARY
041 _aeng
082 _a001.42
_24
_bBRYA
100 _aBryman, Alan.
_912428
245 _aSocial Research Methods /
_cBy Alan Bryman.
250 _a4th ed.
260 _aNew Delhi:
_bOxford University Press,
_c2014.
300 _axli,766p. ; 26 cm.
650 _aSocial Research Strategies.
_912429
650 _aResearch Designs.
_912430
650 _aPlanning a Research Project.
_912431
650 _aQuantitative Data Analysis.
_912432
942 _2ddc
_cBK
_e4th
_k001.42 BRYA
999 _c209464
_d209464